Synthese de la zeolithe omega : influence de la methode de preparation sur les proprietes physicochimiques /
Guardado en:
| Otros Autores: | |
|---|---|
| Formato: | Manuscrito |
| Idioma: | French |
| Publicado: |
1985.
|
| Materias: | |
| Etiquetas: |
Agregar Etiqueta
Sin Etiquetas, Sea el primero en etiquetar este registro!
|
| LEADER | 01003ntm a22002535a 4500 | ||
|---|---|---|---|
| 001 | EIQ.libpla002664 | ||
| 008 | 070717s1985####fr#ao####bm###000#0#fre#d | ||
| 005 | 20070718193500.0 | ||
| 245 | 1 | 0 | |a Synthese de la zeolithe omega : |b influence de la methode de preparation sur les proprietes physicochimiques / |c Par Mercedes Vera Pacheco. |
| 260 | |c 1985. | ||
| 300 | |a 82 h. : |b il., fotos ; |c 30 cm. | ||
| 502 | |a Tesis (doctorado)--Université des Sciences et Techniques du Languedoc, 1985. | ||
| 500 | |a Director de tesis: F. Fajula. | ||
| 504 | |a Incluye referencias bibliográficas. | ||
| 100 | 1 | |a Vera Pacheco, Mercedes. |4 dis | |
| 710 | 2 | |a Université des Sciences et Techniques du Languedoc (France) |4 dgg. | |
| 650 | 4 | |a Catálisis |x Tesis. | |
| 650 | 4 | |a Catálisis |x Zeolitas. | |
| 650 | 4 | |a Catálisis |x Síntesis. | |
| 650 | 4 | |a Catalysis |x Thesis. | |
| 650 | 4 | |a Catalysis |x Zeolites. | |
| 650 | 4 | |a Catalysis |x Synthesis. | |
| 040 | |a AR-BbSID |b spa |c AR-BbSID | ||
| 859 | |a AR-BbSID |b BIB. PLAPIQUI |h 541.395 |i V 58 |p 3108 | ||
